000 00384nam a2200157Ia 4500
003 OSt
005 20240404171145.0
008 230125s9999 xx 000 0 und d
020 _a9789391238803
082 _aUI
_bMAQL
100 _aMaqbool, Ejaz, ed.
245 0 _aLaw humour and Urdu poetry
260 _bEducational Publishing House
_c2021
_aDelhi
300 _a350
942 _cBK
_2ddc
999 _c337
_d337